| 000 | 00782nam a2200229Ia 4500 | ||
|---|---|---|---|
| 003 | OSt | ||
| 005 | 20250306113543.0 | ||
| 008 | 210716s2007 xx 000 0 und d | ||
| 020 | _a8131502430 | ||
| 040 | _cAIMIT LIBRARY | ||
| 041 | _aeng | ||
| 082 |
_a658.406 _21 _bWHIM |
||
| 100 |
_aWhite, Margaret A. _9204589 |
||
| 245 |
_aManagement of technology and innovation: _bstrategic approach / _cBy Margaret A White and Garry D Bruton. |
||
| 250 | _a1st ed. | ||
| 260 |
_aNew Delhi : _bThomson south western ; _c2007. |
||
| 300 |
_axxiii,404p. ; _bPB _c24cm. |
||
| 650 |
_aImportance of technology and innovation to society _9204590 |
||
| 650 |
_aObtaining technology :external strategy _9204591 |
||
| 700 |
_aBruton, Garry D. _9204592 |
||
| 942 |
_2ddc _cBK _e1st ed. _k658.406 WHIM |
||
| 999 |
_c202081 _d202081 |
||